00689nam a2200181 a 450000100100000000500170001000800410002702000150006804000250008310000310010824501250013926000450026430000210030949000240033083000310035495201050038599900170049000004410720201002045142.0140516s1999 sp 000 0 spa d a8433925393 aDO-SdBNPbspacBNPHU1 aMartí Font, J. M.97210313aEl día que acabó el siglo XX :bla caída del muro de Berlín /. /cJ. M. Martí Font ; prólogo Josep Ramoneda. aBarcelona :bCrónicas Anagrama,c1999. a213 p. ;c23 cm.1 aCrónicas Anagrama 0aCrónicas Anagrama972104 001050718MOaGRbGRcCTd2014-05-16iLF1l0o p44107-10r2020-06-25w2020-06-25y1ZNo se presta c43596d43596